| 000 | 00891nam a2200277Ia 4500 | ||
|---|---|---|---|
| 003 | GCL | ||
| 005 | 20240530105027.0 | ||
| 008 | 140319s9999 xx 000 0 ara d | ||
| 020 | _a9775324505 | ||
| 040 |
_aGCL / _cGCL |
||
| 082 | 0 | 4 |
_a953.071 _bح م |
| 100 | 1 | _aحسين مؤنس | |
| 245 | 1 | 0 |
_aمعالم تاريخ المغرب والاندلس / _cحسين مؤنس |
| 250 | _aط2 | ||
| 260 |
_aالقاهرة : _bدار الرشاد ، _c1997 |
||
| 300 |
_a519 سم ؛ _c24 سم |
||
| 650 | 0 | 4 | _aالاندلس |
| 650 | 0 | 4 | _aفتح الاندلس |
| 650 | 0 | 4 | _aالحضارة الاسلامية |
| 650 | 0 | 4 | _aالدولة الاموية فى الاندلس |
| 650 | 0 | 4 | _aعصر الولاة |
| 650 | 0 | 4 | _aالمغرب - تاريخ |
| 650 | 0 | 4 | _aالمغرب - الفتح الاسلامى |
| 650 | 0 | 4 | _aالدولة الفاطمية - المغرب |
| 942 |
_2ddc _cBK |
||
| 999 |
_c52595 _d52595 |
||